LEADER 02184nam0 2200457 i 450 001 VAN0113679 005 20230705122209.145 017 70$2N$a9783319207025 100 $a20180117d2015 |0itac50 ba 101 $aeng 102 $aCH 105 $a|||| ||||| 200 1 $aHumanities data in R$eexploring networks, geospatial data, images, and text$fTaylor Arnold, Lauren Tilton 210 $a[Cham]$cSpringer$d2015 215 $aXIII, 211 p.$cill.$d24 cm 410 1$1001VAN0103266$12001 $aQuantitative methods in the humanities and social sciences$1210 $aBerlin [etc.]$cSpringer 500 1$3VAN0235055$aHumanities data in R : exploring networks, geospatial data, images, and text$92440565 606 $a62Hxx$xMultivariate analysis [MSC 2020]$3VANC026440$2MF 606 $a62R07$xStatistical aspects of big data and data science [MSC 2020]$3VANC026514$2MF 606 $a68T09$xComputational aspects of data analysis and big data [MSC 2020]$3VANC035916$2MF 610 $aExploratory Data Analysis in the Humanities$9KW:K 610 $aGeospatial Data R$9KW:K 610 $aHumanities Data with RImage Data R$9KW:K 610 $aNatural Language Processing$9KW:K 610 $aNetwork analysis$9KW:K 610 $aR Textbook Humanities$9KW:K 610 $aR packages for Humanities$9KW:K 610 $aText Analysis with R$9KW:K 610 $aVisualization$9KW:K 620 $aCH$dCham$3VANL001889 700 1$aArnold$bTaylor$3VANV087777$0755625 701 1$aTilton$bLauren$3VANV087778$0755626 712 $aSpringer $3VANV108073$4650 801 $aIT$bSOL$c20240614$gRICA 856 4 $uhttp://dx.doi.org/10.1007/978-3-319-20702-5$zE-book ? Accesso al full-text attraverso riconoscimento IP di Ateneo, proxy e/o Shibboleth 899 $aBIBLIOTECA DEL DIPARTIMENTO DI MATEMATICA E FISICA$1IT-CE0120$2VAN08 912 $fN 912 $aVAN0113679 950 $aBIBLIOTECA DEL DIPARTIMENTO DI MATEMATICA E FISICA$d08CONS e-book 0244 $e08eMF244 20180117 996 $aHumanities data in R : exploring networks, geospatial data, images, and text$92440565 997 $aUNICAMPANIA LEADER 03691nam0 2200781 i 450 001 VAN0114585 005 20220303114111.716 017 70$2N$a978-3-319-31317-7 100 $a20180207d2016 |0itac50 ba 101 $aeng 102 $aCH 105 $a|||| ||||| 200 1 $aContributions in mathematics and engineering$ein honor of Constantin Carathéodory$fPanos M. Pardalos, Themistocles M. Rassias editors$gforeword by R. Tyrrell Rockafellar 210 $a[Cham]$cSpringer$d2016 215 $aXI, 759 p.$cill.$d24 cm 500 1$3VAN0242057$aContributions in mathematics and engineering$91523246 606 $a49-XX$xCalculus of variations and optimal control; optimization [MSC 2020]$3VANC019757$2MF 606 $a58-XX$xGlobal analysis, analysis on manifolds [MSC 2020]$3VANC019758$2MF 606 $a47-XX$xOperator theory [MSC 2020]$3VANC019759$2MF 606 $a35-XX$xPartial differential equations [MSC 2020]$3VANC019763$2MF 606 $a46-XX$xFunctional analysis [MSC 2020]$3VANC019764$2MF 606 $a65-XX$xNumerical analysis [MSC 2020]$3VANC019772$2MF 606 $a51-XX$xGeometry [MSC 2020]$3VANC019810$2MF 606 $a52-XX$xConvex and discrete geometry [MSC 2020]$3VANC019811$2MF 606 $a53-XX$xDifferential geometry [MSC 2020]$3VANC019813$2MF 606 $a34-XX$xOrdinary differential equations [MSC 2020]$3VANC021251$2MF 606 $a41-XX$xApproximations and expansions [MSC 2020]$3VANC022010$2MF 606 $a33-XX$xSpecial functions [MSC 2020]$3VANC022590$2MF 606 $a91-XX$xGame theory, economics, finance, and other social and behavioral sciences [MSC 2020]$3VANC025601$2MF 606 $a90-XX$xOperations research, mathematical programming [MSC 2020]$3VANC025650$2MF 606 $a93-XX$xSystems theory; control [MSC 2020]$3VANC027040$2MF 606 $a39-XX$xDifference and functional equations [MSC 2020]$3VANC029242$2MF 610 $aBakhtin metric$9KW:K 610 $aCalculus of variations$9KW:K 610 $aComplex network analysis$9KW:K 610 $aData Mining$9KW:K 610 $aEkeland variational principle$9KW:K 610 $aEnergy systems$9KW:K 610 $aGalois connections$9KW:K 610 $aHardy inequalities$9KW:K 610 $aHilbert spaces$9KW:K 610 $aHyers stability$9KW:K 610 $aJensen inequality$9KW:K 610 $aKolmogorov result$9KW:K 610 $aKronecker's sum$9KW:K 610 $aMatrix pencil$9KW:K 610 $aMinkowski functional$9KW:K 610 $aOptimization theory$9KW:K 610 $aQuasiconvexity$9KW:K 610 $aSuperquadracity$9KW:K 610 $aTensor Product$9KW:K 610 $aWeighted Orlicz space$9KW:K 620 $aCH$dCham$3VANL001889 702 1$aPardalos$bPanos M.$3VANV038535 702 1$aRassias$bThemistocles M.$f1951- $3VANV041928 702 1$aRockafellar$bRalph T.$3VANV041311 712 $aSpringer $3VANV108073$4650 790 1$aPardalos, P. M.$zPardalos, Panos M.$3VANV063873 790 1$aRockafellar, Ralph Tyrrell$zRockafellar, Ralph T.$3VANV061337 790 1$aRockafellar, R. T.$zRockafellar, Ralph T.$3VANV061338 801 $aIT$bSOL$c20240614$gRICA 856 4 $uhttp://dx.doi.org/10.1007/978-3-319-31317-7$zE-book ? Accesso al full-text attraverso riconoscimento IP di Ateneo, proxy e/o Shibboleth 899 $aBIBLIOTECA CENTRO DI SERVIZIO SBA$2VAN15 912 $fN 912 $aVAN0114585 950 $aBIBLIOTECA CENTRO DI SERVIZIO SBA$d15CONS SBA EBOOK 2184 $e15EB 2184 20180207 996 $aContributions in mathematics and engineering$91523246 997 $aUNICAMPANIA